000 00634cam a22002171 4500
001 sa 68016734
003 DLC
005 20260227112657.0
008 721122s1965 xx 000 0 ind
010 _asa 68016734
035 _a(OCoLC)500398
040 _aDLC
_cOAU
_dDLC
042 _apremarc
050 0 0 _aHN707
_b.P35
100 1 _aPanoedjoe.
245 1 0 _aMelalui desa trampil,
_bkita udjudkan masjarakat Pantjasila.
260 _a[Padang]
_bStaf Penguasa Pelaksana Dwikora, Daerah Sumatera Barat
_c[1965?]
300 _a63 p.
_bport.
_c24 cm.
651 0 _aIndonesia
_xRural conditions
651 0 _aIndonesia
_xSocial policy
999 _c87276
_d87276